000 00756nam a2200229Ii 4500
003 JO-AjNU
008 230605s9999||||xx |||||||||||||| ||und||
017 _a396/2/2001
040 _aJO-AjNU
_bara
_erda
_cJO-AjNU
041 _aara
050 1 4 _aHF5655.A7.M38 2001
100 3 _aمطر، محمد ، م.مشارك عبد الكريم زواتي,
_eauthor
_964198
245 0 0 _aالمحاسبة المتقدمة
250 _aط2
264 3 1 _aعمان: دار حنين للنشر والتوزيع، 2001
300 _a349ص
336 _atext
_btxt
_2rdacontent
337 _aunmediated
_bn
_2rdamedia
338 _avolume
_bnc
_2rdacarrier
490 0 _aسلسلة كتب المحاسبة 2
650 4 _aالمحاسبة المتقدمة
_964199
999 _aA29162
_c32730
_d32730